La verdadera revolución mexicana : (Record no. 58385)
[ view plain ]
| 000 -CABECERA | |
|---|---|
| campo de control de longitud fija | 00641nam a2200205 a 4500 |
| 005 - FECHA Y HORA DE LA ÚLTIMA TRANSACCIÓN | |
| campo de control | 20240426063924.0 |
| 008 - ELEMENTOS DE LONGITUD FIJA--INFORMACIÓN GENERAL | |
| campo de control de longitud fija | 991125s1992 mx 000 0 spa u |
| 020 ## - NÚMERO INTERNACIONAL NORMALIZADO PARA LIBROS | |
| Número Internacional Estándar del Libro | 9684525583 |
| 035 ## - NÚMERO DE CONTROL DEL SISTEMA | |
| Número de control de sistema | UPN01000058385 |
| 049 ## - COLECCIÓN | |
| Colección | CG |
| 050 #4 - SIGNATURA TOPOGRÁFICA DE LA BIBLIOTECA DEL CONGRESO | |
| Número de clasificación | F1234 C3 |
| Número de documento/Ítem | T3.8 1992 |
| 100 1# - ASIENTO PRINCIPAL--NOMBRE PERSONAL | |
| Nombre de persona | Taracena Quevedo, Alfonso, |
| Fechas asociadas al nombre | 1896-1995 |
| 9 (RLIN) | 40262 |
| 245 13 - MENCIÓN DE TÍTULO | |
| Título | La verdadera revolución mexicana : |
| Resto del título | 1928-1929 / |
| Mención de responsabilidad, etc. | Alfonso Taracena ; palabras de Rafael Solana, Jr. |
| 250 ## - MENCIÓN DE EDICIÓN | |
| Mención de edición | 2a ed. |
| 260 ## - PUBLICACIÓN, DISTRIBUCIÓN, ETC. | |
| Lugar de publicación, distribución, etc. | México : |
| Nombre del editor, distribuidor, etc. | Porrúa, |
| Fecha de publicación, distribución, etc. | 1992. |
| 300 ## - DESCRIPCIÓN FÍSICA | |
| Extensión | 398 p. |
| 440 #0 - MENCIÓN DE SERIE/ASIENTO SECUNDARIO--TÍTULO | |
| Título | Sepan cuantos ; |
| Designación de volumen o secuencia | 616 |
| 651 #4 - ASIENTO SECUNDARIO DE MATERIA - NOMBRE GEOGRAFICO | |
| Nombre geográfico | MEXICO - |
| Subdivisión general | HISTORIA - |
| Subdivisión cronológica | REGIMEN CALLISTA, 1924-1928 |
| 905 ## - TIPO DE MATERIAL | |
| Tipo de material | Libro |
| Estado de retiro | Estado de pérdida | Fuente del sistema de clasificación o colocación | Estado dañado | No para préstamo | Código de colección | Localización permanente | Ubicación/localización actual | Ubicación en estantería | Enumeración/cronología de publicación seriada | Total de préstamos | Clasificación | Código de barras | Fecha visto por última vez | Número de copia | Tipo de ítem Koha |
|---|---|---|---|---|---|---|---|---|---|---|---|---|---|---|---|
| Library of Congress Classification | Colección General | Bib. Gregorio Torres Quintero | Bib. Gregorio Torres Quintero | Planta baja | - | 2 | F1234 C3 T3.8 1992 | 120639 | 31/12/2020 | 1 | Libro | ||||
| Library of Congress Classification | Colección General | Bib. Gregorio Torres Quintero | Bib. Gregorio Torres Quintero | Planta baja | - | 5 | F1234 C3 T3.8 1992 | 120640 | 31/12/2020 | 1 | Libro | ||||
| Library of Congress Classification | Colección General | Bib. Gregorio Torres Quintero | Bib. Gregorio Torres Quintero | Planta baja | - | 3 | F1234 C3 T3.8 1992 | 120638 | 31/12/2020 | 1 | Libro |
